Logo BPK

Biblioteka

Politechniki Koszalińskiej

Wyższa Szkoła Oficerska Wojsk Obrony Przeciwlotniczej im. por. Mieczysława Kalinowskiego / (Rekord nr 22399)

Szczegóły MARC
000 -ETYKIETA REKORDU
podpole kontrolne o stałej długości 00733nam a2200205 i 4500
001 - NUMER KONTROLNY REKORDU
pole kontrolne bg
020 ## - MIĘDZYNARODOWY ZNORMALIZOWANY NUMER KSIĄŻKI - ISBN
ISBN 83110696977
040 ## - ŹRÓDŁO KATALOGOWANIA
Instytucja, która utworzyła rekord BPK
041 ## - KOD JĘZYKA
Kod języka tekstu pol
080 ## - UNIWERSALNA KLASYFIKACJA DZIESIĘTNA - UKD
UKD 358.1:355.23:378.6(438)"19"
920 ## - Międzynarodowy znormalizowany numer książki – ISBN
ISBN 83-11-06969-7-7
008 - POLE O STAŁEJ DŁUGOŚCI - DANE KONTROLNE
podpole kontrolne o stałej długości s pl f |000 0 pol
100 1# - NAZWA OSOBOWA
Nazwa osobowa GŁOŚNY, Józef
245 #0 - TYTUŁ/ODPOWIEDZIALNOŚĆ
Tytuł Wyższa Szkoła Oficerska Wojsk Obrony Przeciwlotniczej im. por. Mieczysława Kalinowskiego /
Pozostałe elementy strefy tytułu i oznaczenia odpowiedzialności Józef Głośny, Jan Zasadziński ; Wojskowy Instytut Historyczny im. Wandy Wasilewskiej.
260 ## - STREFA ADRESU WYDAWNICZEGO
Miejsce wydania Warszawa :
Nazwa wydawcy/dystrybutora Wydaw. Min. Obrony Narodowej,
Data publikacji, dystrybucji/powstania dokumentu 1983.
300 ## - STREFA OPISU FIZYCZNEGO
Objętość 445, [1] s., [24] s. tabl. :
Inne cechy fizyczne faks., fot., portr. ;
Rozmiary 21 cm.
504 ## - UWAGA DOTYCZĄCA BIBLIOGRAFII
Informacje o bibliografii Bibliogr. s. 414-426.
700 1# - HASŁO DODATKOWE - NAZWA OSOBOWA
Nazwa osobowa ZASADZIŃSKI, Jan
856 ## - LOKALIZACJA I DOSTĘP DO ELEKTRONICZNYCH DOKUMENTÓW ZDALNYCH
Link (URL) http://koha.tu.koszalin.pl/cgi-bin/koha/opac-detail.pl?biblionumber=22399
Tekst linku Katalog online BPK
942 ## - DODATKOWE ELEMENTY (KOHA)
Typ dokumentu Książka
Egzemplarze
Wycofany Status egzemplarza Uszkodzony Dostępność Lokalizacja stała Lokalizacja bieżąca Miejsce przechowywania Sygnatura Kod kreskowy Typ dokumentu
      Dostępny Biblioteka Politechniki Koszalińskiej Biblioteka Politechniki Koszalińskiej Wypożyczalnia BG 31443 01602364 Książka
© 2023 Biblioteka Politechniki Koszalińskiej :: KOHA